Datum a čas kvízu

35 Celkem bodů Celkový počet nahraných bodů na tomto kvízu bez doplňovacích otázek.
7. Pořadí na kvízu Konečné umístění týmu na tomto kvízu.

Zaznamenané odpovědi

# Otázka Odpověď Body Výsledky
1. V pátek byly zveřejněny výsled... Jihočeský kraj 1
2. Minulou středu zažili policist... v bagru 0
3. V areálu pražského Výstaviště... Alanis Morissette, Rag'n'Bone Man 1
4. Bývalý brazilský pilot, který... Emerson Fittipaldi, Targa Florio 0
5. Tým Florida Panthers porazil v... Tomáš Nosek, Vít Vaněček 1
6. Začneme politikou. Nezávislost... muži 28. října 1
7. V letech 1918–1928 bylo Českos... Podkarpatská Rus (Zakarpatská Ukrajina) 1
8. Na fotce vidíme jeden z rekons... Aero 0
9. Zde vidíme portrét módní návrh... Hana Podolská 1
10. „Král komiků“ Vlasta Burian by... AC Sparta Praha, brankář 0